Statistics for Bioshock Quiz

Click here to take the quiz!

General Stats

  • This quiz has been taken 303 times
  • The average score is 11 of 13

Answer Stats

HintAnswer% Correct
Where does Bioshock Take Place?Rapture
98%
What Follows a Little Sister To Protect Her?Big Daddy
96%
What Are The People Addicted To Adam Called?Splicers
90%
What is The Polite Phrase Used To Control You?"Would You Kindly?"
90%
How Did You End Up in Rapture?Plane Crash
89%
Who Wants You To "Save His Family"Atlas
87%
What is The First Weapon You Get?Wrench
87%
What Type of Game is Bioshock?First-Person Shooter
82%
What Ruined The People of Rapture, Causing the Downfall?ADAM
79%
Who Do You Play As?Jack
77%
What is The First Plasmid You Get?Electro Bolt
76%
What Year is Bioshock Set In?1960
75%
What is The Tattoo on Your Wrist Of?Chains
57%

Score Distribution

Percentile by Number Answered

Percent of People with Each Score

Your Score History

You have not taken this quiz